000 00858cab a2200229 4500
001 ABS38062
008 090401t1987 xxu||||| |||| 00| 0 eng d
035 _a(Sirsi) u8477
041 _aeng
100 _aLangdale, O.
245 4 _aThe right choice of farm alternatives
260 _c1987
350 _a0
490 _aEstates Times
_v(908) 21 August 1987, 11(1)
520 _aBriefly examines the ways farmers can generate extra sources of income, following Government relaxation of planning control of agricultural land. Argues that what many farmers need is not an alternative enterprise replacing existing crops and livestock, but additional enterprises which will help their businesses to flourish.
650 _aALTERNATIVE USES
650 _aFARM LAND
650 _aFARMS
690 _aRURAL PRACTICE
942 _n0
948 _c04/03/1997
999 _c5225
_d5225